LEADER 01268nam 2200361Ia 450 001 996395896003316 005 20221108022114.0 035 $a(CKB)4330000000316574 035 $a(EEBO)2240946441 035 $a(OCoLC)12567480 035 $a(EXLCZ)994330000000316574 100 $a19850917d1682 uy | 101 0 $aeng 135 $aurbn||||a|bb| 200 10$aComfort in affliction, or, Advice to Protestant dissenters in times of persecution$b[electronic resource] $etogether with remarks on the just judgments of God upon this city and land, since the prohibition of the Gospel, by mulcts and penalties /$fby J.O 210 $aLondon $cPrinted for R. Jones$d1682 215 $a19 p 300 $aReproduction of original in the University of Illinois (Urbana-Champaign Campus). Library. 330 $aeebo-0167 606 $aReligious tolerance$zEngland 606 $aPersecution$zEngland 615 0$aReligious tolerance 615 0$aPersecution 700 $aJ. O$01005271 801 0$bEAE 801 1$bEAE 801 2$bm/c 801 2$bEAE 801 2$bWaOLN 906 $aBOOK 912 $a996395896003316 996 $aComfort in affliction, or, Advice to Protestant dissenters in times of persecution$92380401 997 $aUNISA LEADER 01285nam a2200337 i 4500 001 991000690619707536 005 20020507172320.0 008 940622s1984 us ||| | eng 020 $a0471059986 035 $ab10743698-39ule_inst 035 $aLE01300780$9ExL 040 $aDip.to Matematica$beng 082 0 $a515.7 084 $aAMS 47H 084 $aQA321.5.A93 100 1 $aAubin, Jean Pierre$054013 245 10$aApplied nonlinear analysis /$cJean-Pierre Aubin, Ivar Ekeland 260 $aNew York :$bJ. Wiley & Sons,$cc1984 300 $axi, 518 p. :$bill. ;$c24 cm. 490 0 $aPure and applied mathematics. A wiley-interscience series of texts, monographs & tracts, ISSN 00798185 500 $a"A Wiley-Interscience publication." 500 $aBibliography: p. 495-516. 500 $aIncludes index 650 4$aNonlinear functional analysis 700 1 $aEkeland, Ivar$eauthor$4http://id.loc.gov/vocabulary/relators/aut$030998 907 $a.b10743698$b23-02-17$c28-06-02 912 $a991000690619707536 945 $aLE013 47H AUB11 (1984)$g1$i2013000119687$lle013$o-$pE0.00$q-$rl$s- $t0$u6$v0$w6$x0$y.i10835210$z28-06-02 996 $aApplied nonlinear analysis$91455378 997 $aUNISALENTO 998 $ale013$b01-01-94$cm$da $e-$feng$gus $h0$i1